Content marketing – marketingová výzva pre rok 2014
Čo je content marketing. Úspešný content marketing v histórii. Content marketing v praxi. Šírenie hodnotného obsahu prostredníctvom webu, emailu, sociálnych sietí. Súčasné trendy v marketingu.
Gespeichert in:
| 1. Verfasser: | |
|---|---|
| Format: | Buchkapitel |
| Sprache: | Slowakisch |
| Schlagworte: | |
| Tags: |
Keine Tags, Fügen Sie das erste Tag hinzu!
|
MARC
| LEADER | 00000nla a2200000 4500 | ||
|---|---|---|---|
| 001 | 0192319 | ||
| 005 | 20240417075048.3 | ||
| 041 | 0 | |a slo | |
| 044 | |a SK | ||
| 245 | 1 | 0 | |a Content marketing – marketingová výzva pre rok 2014 |c Anna Chocholáková |
| 520 | |a Čo je content marketing. Úspešný content marketing v histórii. Content marketing v praxi. Šírenie hodnotného obsahu prostredníctvom webu, emailu, sociálnych sietí. Súčasné trendy v marketingu. | ||
| 610 | 2 | 0 | |a marketing elektronický |
| 610 | 2 | 0 | |a siete sociálne |
| 610 | 2 | 0 | |a internet |
| 610 | 2 | 0 | |a pošta elektronická |
| 610 | 2 | 0 | |a komunikácia marketingová |
| 610 | 2 | 0 | |a zákazníci |
| 610 | 2 | 0 | |a firmy |
| 610 | 2 | 0 | |a produkty |
| 100 | 1 | |a Chocholáková, Anna | |